Online
Catalog

La Búsqueda del Silencio. / (Record no. 42135)

MARC details
000 -CABECERA
campo de control de longitud fija 00721nam a2200205 a 4500
001 - NÚMERO DE CONTROL
campo de control 000042646
005 - FECHA Y HORA DE LA ÚLTIMA TRANSACCIÓN
campo de control 20201002040309.0
008 - DATOS DE LONGITUD FIJA--INFORMACIÓN GENERAL
campo de control de longitud fija 140203s2001 sp 000 p spa d
040 ## - FUENTE DE LA CATALOGACIÓN
Centro catalogador/agencia de origen DO-SdBNP
Lengua de catalogación spa
Centro/agencia transcriptor BNPHU
041 17 - CÓDIGO DE LENGUA
Código de lengua del texto/banda sonora o título independiente spa
Código de lengua del sumario o resumen pol
100 1# - ENTRADA PRINCIPAL--NOMBRE DE PERSONA
Nombre de persona Sampaio, Ernesto
9 (RLIN) 69922
240 10 - TÍTULO UNIFORME
Título uniforme A procura Do Silêncio
Lenguaje de la obra Español-Portugués
245 13 - MENCIÓN DE TÍTULO
Título La Búsqueda del Silencio. /
Mención de responsabilidad, etc. Ernesto Sampaio; traducción, Perfecto E. Cuadrado.
260 ## - PUBLICACIÓN, DISTRIBUCIÓN, ETC.
Lugar de publicación, distribución, etc. [Mérida], [España] :
Nombre del editor, distribuidor, etc. Junta de Extremadura,
Fecha de publicación, distribución, etc. 2001.
300 ## - DESCRIPCIÓN FÍSICA
Extensión 53 p. ;
Dimensiones 20 cm.
490 1# - MENCIÓN DE SERIE
Mención de serie La estirpe de los argonautas
Designación de volumen o secuencia 5
500 ## - NOTA GENERAL
Nota general Incluye datos biografícos del autor
700 1# - PUNTO DE ACCESO ADICIONAL--NOMBRE DE PERSONA
Nombre de persona Cuadrado, Perfecto E.
9 (RLIN) 69923
830 #0 - PUNTO DE ACCESO ADICIONAL DE SERIE-TÍTULO UNIFORME
Título uniforme La estirpe de los argonautas
Designación de volumen o secuencia 5
9 (RLIN) 69924
Holdings
Estado de retiro Estado de pérdida Restricciones de uso No para préstamo Código de colección Localización permanente Ubicación/localización actual Ubicación en estantería Fecha de adquisición Número de inventario Total de préstamos Signatura topográfica completa Código de barras Fecha visto por última vez Precio válido a partir de Tipo de ítem Koha
      Excluido de préstamo Monografías: Libros y Folletos General General En catalogación 03.02.2014 LF1   42646-10 25.06.2020 25.06.2020 No se presta

Powered by Koha